Guess every Laufey song by the first line - Statistics

General Stats
  • This quiz has been taken 1,588 times
  • The average score is 28 of 56
Answer Stats
Hint Answer % Correct
Beautiful stranger sitting right there Beautiful stranger
95%
Magnolia, she could have anyone in the world. Magnolia
76%
Sleigh bells ring, are you listenin’? Winter wonderland
76%
I made a promise to distance myself Promise
73%
Let me be a dreamer let me float Dreamer
72%
I’ve rejected affection for years and years Valentine
71%
Maybe one day, I’ll fall in a bookstore into the arms of a guy Like the movies
70%
Moved out to a new city, June is dawning down on me Falling behind
69%
I want to say hi to you. I have no reason to Hi
67%
Don’t you notice how I get quiet when theres no one else around? From the start
66%
I wish you blue birds in the spring. To give your heart a song to sing I wish you love
65%
Don’t you worry ‘bout your curly hair Letter to my 13 year old self
64%
Feeling kind of sick tonight. All I’ve had is coffee and leftover pie Let you break my heart again
63%
Floorboards creaking in my home, deathly silence when alone Lovesick
63%
Will you let me come closer to you. I know that you’re older, but what can I do Fragile
59%
Why don’t we call it for what it is? Bored
58%
I’ve been having trouble sleeping. Trouble dreaming, trouble being Trouble
57%
Look at me I’m as helpless as a kitten in a tree Misty
56%
Slow down give me just a moment. I’m so grown now, in my own apartment Slow down
56%
Should’ve figured that you’d go back to new york California and me
55%
It’s come to my attention that I don’t show enough of what I think Best friend
54%
It always goes like this, could’ve predicted it Goddess
53%
Swore I’d seen you before. Watched you walk through the door A Night to remember
52%
Silly boy don’t talk to me. I don’t have the energy Dance with you tonight
51%
Do you live in Nee York City? Or a couple towns away? Dear soulmate
49%
Love flew away with no room to land and it made no mistake Love flew away
48%
One more kiss, wine stained lips Haunted
47%
No one knows the trouble, honey No one knows
47%
Wrapped me in your arms, leaned in and whispered Bewitched
46%
So enchanting in every way. It’s everlasting, every day Everything I know about love
46%
Hide your heart from sight, lock your dreams at night It could happen to you
46%
I spent months gazing at him sitting ‘cross the hall James
46%
Up the staircase, first door to your left Night light
46%
I’ll never forget how stupid in love I felt Second best
46%
I still freeze when I look at these faded photographs from February last 22nd or 23rd Above the Chinese restaurant
44%
I’ve never been in love before. Now all at once it’s you I’ve never been in love before
44%
I just wanna take you home, call a taxi in the snow Lucky for me
43%
I’m doing my Christmas dreaming a little early this year Christmas dreaming
42%
In a perfect world, I wouldn’t have met you at all Just like chet
42%
I won’t pretend, I’ve been desolate. I won’t pretend, I’ve been blue Serendipity
42%
This view used to bring a smile to my face Street by street
42%
I love the winter weather so the two of us can get together Love to keep me warm
39%
Time’s moving so much slower lately Must be love
39%
I still can’t believe that you noticed me an ocean away While you were sleeping
39%
Ég veit þú kemur í kvöld til mín Ég veit þú kemur
38%
Why do I love the moon so much? Questions for the universe
38%
The sky’s a different type of blue. Wanted it to be with you Someone new
38%
Have yourself a merry little Christmas. Have yourself a merry little Christmas
36%
I don’t know where to look. Don’t know where to walk What love will do to you
36%
Every time we say goodbye I die a little Every time we say goodbye
31%
It seems we stood and talked like this before Where or when
31%
Frosted window panes, candles gleaming inside The christmas waltz
28%
It’s not the pale moon that excites me, that thrills and delights me The nearness of you
28%
Sitting on the bleachers alone wondering where it went wrong This is how it feels
27%
I bought you a present, but you'll never get it Ain’t christmas
18%
Sit by my fire, I’ll never leave you. Look out the window, palm trees aglow Better than snow
17%
No matching quizzes found
Score Distribution
Percent of People with Each Score
Percentile by Number Answered
Your Score History
You have not taken this quiz